LIBRARY ONLINE CATALOGUE

Ecological census techniques : (Record no. 4495)

MARC details
000 -LEADER
fixed length control field 00637nam a22002052 4500
001 - CONTROL NUMBER
control field 0000024237
005 - DATE AND TIME OF LATEST TRANSACTION
control field 20151217145946.0
008 - FIXED-LENGTH DATA ELEMENTS--GENERAL INFORMATION
fixed length control field 130620s xx 000 0 eng d
020 ## - INTERNATIONAL STANDARD BOOK NUMBER
International Standard Book Number 0521606363 :
040 ## - CATALOGING SOURCE
Original cataloging agency KABU
Transcribing agency KABU
245 10 - TITLE STATEMENT
Title Ecological census techniques :
Remainder of title a handbook /
Statement of responsibility, etc. edited by William J. Sutherland.
250 ## - EDITION STATEMENT
Edition statement 2nd ed.
260 ## - PUBLICATION, DISTRIBUTION, ETC. (IMPRINT)
Place of publication, distribution, etc. Cambridge :
Name of publisher, distributor, etc. C. U. P.,
Date of publication, distribution, etc. 2006.
300 ## - PHYSICAL DESCRIPTION
Extent xv, 432 p.
650 #0 - SUBJECT ADDED ENTRY--TOPICAL TERM
Topical term or geographic name as entry element Ecological survey
General subdivision Methodology.
-- 0000184222
710 2# - ADDED ENTRY--CORPORATE NAME
Corporate name or jurisdiction name as entry element Sutherland, William J.
-- 0000184223
852 1# - LOCATION
-- p5975 KES
908 ## - PUT COMMAND PARAMETER (RLIN)
Put command parameter 130620
950 ## - LOCAL HOLDINGS (RLIN)
-- 1
Holdings
Withdrawn status Lost status Source of classification or shelving scheme Not for loan Home library Current library Date acquired Total Checkouts Full call number Barcode Date last seen Price effective from Koha item type
    Library of Congress Classification   Kabarak, Main Campus Kabarak, Main Campus 17/12/2015   QH541.15 .S95E26 2006 c. 1 015730 17/12/2015 17/12/2015 General Collection